| 000 | 01325nam a22001937a 4500 | ||
|---|---|---|---|
| 005 | 20250708140945.0 | ||
| 008 | 250708b |||||||| |||| 00| 0 eng d | ||
| 020 | _a9789364553933 (Paperback) | ||
| 082 | _a346.066 | ||
| 110 | _aTaxmann | ||
| 245 |
_aCompany law ready reckoner / _cBy Taxmann's Editorial Board |
||
| 250 | _a16th | ||
| 260 |
_aNew Delhi _bTaxmann Publication _c2025 |
||
| 300 |
_a776 pages _c24 cm. |
||
| 365 | _bRs. 2345.00 | ||
| 520 | _aThis book provides a detailed, topic-wise commentary on the Companies Act, offering in-depth coverage of over 40 critical topics. It combines comprehensive analysis with judicial precedents, case laws, rules, notifications, and procedural guidelines. Key focus areas include incorporation, capital management, corporate governance, directors' responsibilities, and shareholder rights. It also delves into specialised entities such as private, government, and foreign companies, alongside step-by-step guides for MCA-21 e-Governance and compliance procedures. This book is an indispensable resource for mastering company law, designed for corporate professionals, legal practitioners, and academicians. | ||
| 856 |
_uhttps://cdn.taxmann.com/BookshopFiles/bookfiles/1733989721883_9789364553933_content.pdf _zClick here to see Table of Contents |
||
| 942 |
_2ddc _cBK |
||
| 999 |
_c213674 _d213674 |
||